000 00247nam a2200097Ia 4500
100 _aNational Productivity Council
942 _cBK
245 _aMaterials handling in W. Germany
260 _bNational Productivity Council
_c2001
546 _aENGLISH
999 _c20990
_d20990